LEADER 01124nam a2200265 4500 001 000000342167 003 CaOOAMICUS 005 20221020121010.0 008 200921s2019 it 000 u ita r 020 $a978-88-06-24253-4 040 $aSeMil$bita 245 14$aThe game unplugged /$cmixed by Sebastiano Iannizzotto e Valentina Rivetti ; feat. Alessandro Baricco. 264 1$aTorino :$bEinaudi,$c2019. 300 $a294 p. ;$c20 cm 700 1 $aIannizzotto, Sebastiano.$0(OLS)http://semarc/name/112147 700 1 $aRivetti, Valentina.$0(OLS)http://semarc/name/112148 700 1 $aBaricco, Alessandro,$d<1958- >.$0(OLS)http://semarc/name/20446 830 0$aEinaudi stile libero.$0(OLS)http://semarc/title/431030 850 $aSeMil 852 $aSeMil$W1$xVenegono$y1$m1Q I 85$j222337$B233157$CSeMilBibl$Z2$F233157 $81 961 $aLorenzi don Ugo - Omaggio 996 $6020$a978-88-06-24253-4$9(OLS)http://semarc/number/291271 996 $6245$aThe game unplugged$9(OLS)http://semarc/title/431029 996 $6264$aTorino :$bEinaudi$9(OLS)http://semarc/publisher/29884 LEADER 01191nam a2200253 i 4500 001 000000070110 003 CaOOAMICUS 005 20040518000000.0 008 040518s1967 it u000 u ita u 013 $a41282 040 $aSeMil$bita 100 1 $aGriseri, Andreina.$0(OLS)http://semarc/name/34941 245 13$aIl paesaggio nella pittura piemontese dell'Ottocento /$cdi Andreina Griseri. 260 $aMilano :$bFratelli Fabbri Editori,$ccopyr. 1967. 300 $a100 p. :$briccamente ill. ;$c31 cm. 490 0 $aMensili d'arte : [scuole, movimenti, personalità della pittura moderna] ;$v9 500 $aContiene : Bibliografia. 650 4$aPittura italiana - Piemonte - Paesaggio - Sec. 19.$0(OLS)http://semarc/subject/13973 830 0$aMensili d'arte : [scuole, movimenti, personalità della pittura moderna] ;$v9.$0(OLS)http://semarc/title/590 850 $aSeMil 852 $aSeMil$W1$xVenegono$y1$m5J VI 9$j36263$B36263$CSeMilBibl$Z2$F36266 $81 961 $aOmaggio: Donazione 996 $6245$aIl paesaggio nella pittura piemontese dell'Ottocento$9(OLS)http://semarc/title/112458 996 $6260$aMilano :$bFratelli Fabbri Editori$9(OLS)http://semarc/publisher/29845